| 000 | 00691nam a2200205 a 4500 | ||
|---|---|---|---|
| 005 | 20260326064048.0 | ||
| 008 | 991125s1986 mx 000 0 spa u | ||
| 020 | _a9688377554 | ||
| 035 | _aUPN01000001600 | ||
| 049 | _aF | ||
| 050 | 4 |
_aPN1270 _bM3 no.11 |
|
| 100 | 1 |
_aSabines, Jaime, _d1925-1999 _928030 |
|
| 245 | 1 | 0 |
_aAlgo sobre la muerte del mayor Sabines / _cJaime Sabines ; nota introd. de José Joaquín Blanco. |
| 260 |
_aMéxico : _bUNAM, Coordinación de Difusión Cultural, Dirección de Literatura, _c1986. |
||
| 300 | _a21 p. | ||
| 440 | 0 |
_aMaterial de lectura. _pPoesía moderna ; _v11 |
|
| 650 | 4 |
_aPoesía mexicana _91273 |
|
| 650 | 4 |
_aPoesía moderna _91291 |
|
| 905 | _aLibro | ||
| 999 |
_c1600 _d1600 |
||